Sirota z Varšavy

Na jar tisícdeväťstoštyridsaťdva narastajú vo Varšave nepokoje. Elžbieta Rabineková pomáha kamarátke Sáre s pašovaním detí z varšavského geta. Tu spoznáva židovského mladíka Romana Gorku. Jeho rebélia však nechcene upozorní na Sárinu činnosť a nevedomky ohrozí Elžbietu aj jej rodinu......

Full description

Bibliographic Details
Main Author: Rimmer, Kelly (Author)
Other Authors: Kulová, Dora (Narrator)
Format: CD Audio
Language:Slovak
English
PhysicalDescription:1 elektronický optický disk (CD-ROM) digitálny, mono, MP3 12 cm
Published: Levoča Slovenská knižnica pre nevidiacich Mateja Hrebendu 2022
ISBN:9788018109007
Subjects:

MARC

LEADER 00000nim a2200000 a 4500
001 vtls012154721
003 SK-MaSNL
005 20260302073251.0
007 sd fsngnnmmnud
008 221123s2022 xo nnnnfs f n slo
015 |a SNBJ2023 
020 |a 9788018109007  |q (zvuková kniha) 
040 |a SNK  |b slo  |c SNK  |e AACR2 
041 1 |a slo  |h eng 
044 |a xo  |c SK 
072 7 |a 821.111-3  |x Anglická próza, anglicky písaná  |2 konspekt 
080 |a 323.12"1939/1945"  |2 2011 
080 |a (=411.16)  |2 2011 
080 |a 94(100)"1939/1945"  |2 2011 
080 |a 821.111(94)-31  |2 2011 
080 |a (0:82-311.6)  |2 2011 
080 |a (086.76)  |2 2001 
100 1 |a Rimmer, Kelly  |4 aut  |9 211754 
245 1 0 |a Sirota z Varšavy  |h elektronický zdroj  |c Kelly Rimmerová ; číta: Dora Kulová 
260 |a Levoča  |b Slovenská knižnica pre nevidiacich Mateja Hrebendu  |c 2022 
300 |a 1 elektronický optický disk (CD-ROM)  |b digitálny, mono, MP3  |c 12 cm 
306 |a 111500 
520 8 |a Na jar tisícdeväťstoštyridsaťdva narastajú vo Varšave nepokoje. Elžbieta Rabineková pomáha kamarátke Sáre s pašovaním detí z varšavského geta. Tu spoznáva židovského mladíka Romana Gorku. Jeho rebélia však nechcene upozorní na Sárinu činnosť a nevedomky ohrozí Elžbietu aj jej rodinu... 
521 |a pre nevidiacich, slabozrakých a inak zdravotne postihnutých 
650 0 7 |a holokaust (1939-1945)  |2 SNKPH  |2 SNKPH  |9 160313 
650 0 7 |a Židia  |2 SNKPH  |9 3760 
650 0 7 |a druhá svetová vojna (1939-1945)  |2 SNKPH  |9 169657 
655 7 |a zvukové záznamy  |2 SNKPH  |9 70720 
655 7 |a austrálske romány  |2 SNKPH  |9 1595 
655 7 |a vojnové romány  |2 SNKPH  |9 70572 
655 7 |a CD-ROM  |2 SNKPH  |9 70236 
700 1 |a Kulová, Dora  |4 nrt  |9 277306 
752 |a Slovensko  |d Levoča 
787 0 8 |i Podľa knihy:  |t Sirota z Varšavy  |d Bratislava : Ikar, a.s., 2022  |z 978-80-551-8169-1 
919 |a 978-80-18-10900-7 
999 |c 1160147  |d 1162077 
952 |t 1  |a SNK  |b SNK  |c SNK_KF  |y PREZ  |7 0  |p 17A1538838  |o snkSCD 6485  |i snk2023/16344  |8 0  |0 0  |1 0  |2 udc  |4 0  |d 2023-11-12  |l 0  |r 2026-02-24 20:30:00  |w 2026-02-24